| 000 | 00800nam a22002297a 4500 | ||
|---|---|---|---|
| 003 | UA-OsUOA | ||
| 001 | 45400 | ||
| 007 | ta | ||
| 008 | 20111011b un ||||| |||| 00| 0 ukr d | ||
| 090 |
_a061.213 _bС78 |
||
| 942 | _cBK | ||
| 040 |
_aUA-OsUOA _bukr _cUA-OsUOA _dUA-OsUOA |
||
| 245 | _aСтатут молодих українських націоналістів Канади, прийнятий 15 Крайовою Конференцією МУН у ВІнніпегу, 30 грудня 1950 р. | ||
| 300 | _a69 с. | ||
| 955 | _a4 | ||
| 041 | _aukr | ||
| 080 | _a061.213 | ||
| 260 |
_aВінніпег _c1950 |
||
| 650 | 7 |
_a0 Загальний відділ. _2UDC |
|
| 999 |
_c425505 _d425505 |
||